Freakonomics : (Record no. 8557)

MARC details
000 -LEADER
fixed length control field 00770nam a22002292 4500
001 - CONTROL NUMBER
control field 0000018405
005 - DATE AND TIME OF LATEST TRANSACTION
control field 20151217152127.0
008 - FIXED-LENGTH DATA ELEMENTS--GENERAL INFORMATION
fixed length control field 091026s xx 000 0 eng d
020 ## - INTERNATIONAL STANDARD BOOK NUMBER
International Standard Book Number 071399908x :
040 ## - CATALOGING SOURCE
Original cataloging agency KABU
Transcribing agency KABU
100 1# - MAIN ENTRY--PERSONAL NAME
Personal name Levitt, Steven D.
-- 0000177639
245 10 - TITLE STATEMENT
Title Freakonomics :
Remainder of title a rogue economist explores the hidden side of everything /
Statement of responsibility, etc. Steven D. Levitt and Stephen J. Dubner.
250 ## - EDITION STATEMENT
Edition statement 1st ed.
260 ## - PUBLICATION, DISTRIBUTION, ETC. (IMPRINT)
Place of publication, distribution, etc. London :
Name of publisher, distributor, etc. Penguin,
Date of publication, distribution, etc. 2005.
300 ## - PHYSICAL DESCRIPTION
Extent xii, 242 p.
650 #0 - SUBJECT ADDED ENTRY--TOPICAL TERM
Topical term or geographic name as entry element Economics
General subdivision Psychological aspects.
-- 0000150169
650 #0 - SUBJECT ADDED ENTRY--TOPICAL TERM
Topical term or geographic name as entry element Economics
General subdivision Sociological aspects.
-- 0000168043
700 1# - ADDED ENTRY--PERSONAL NAME
Personal name Dubner, Stephen J.
-- 0000177640
852 1# - LOCATION
-- p1350 KES
908 ## - PUT COMMAND PARAMETER (RLIN)
Put command parameter 091026
950 ## - LOCAL HOLDINGS (RLIN)
-- 1
Holdings
Withdrawn status Lost status Source of classification or shelving scheme Not for loan Home library Current library Date acquired Total Checkouts Full call number Barcode Date last seen Price effective from Koha item type
    Library of Congress Classification   Kabarak, Main Campus Kabarak, Main Campus 17/12/2015   HB74 .P8L48 2005 c. 1 18213 02/08/2024 17/12/2015 General Collection
Designed with assistance from East African Informatics Ltd